Eastern Utah Libraries Catalog: Duchesne, Heber, Roosevelt, & Vernal

Dirt bike runaway / (Record no. 408643)

MARC details
000 -LEADER
fixed length control field 01104pam a2200301 a 4500
001 - CONTROL NUMBER
control field in900401506
005 - DATE AND TIME OF LATEST TRANSACTION
control field 20250606171951.0
008 - FIXED-LENGTH DATA ELEMENTS--GENERAL INFORMATION
fixed length control field 090721t19891983nyu c 00011 eng d
010 ## - LIBRARY OF CONGRESS CONTROL NUMBER
Canceled/invalid LC control number 83013538
020 ## - INTERNATIONAL STANDARD BOOK NUMBER
International Standard Book Number 9780316140027 (pbk.)
020 ## - INTERNATIONAL STANDARD BOOK NUMBER
International Standard Book Number 0316140023 (pbk.)
020 ## - INTERNATIONAL STANDARD BOOK NUMBER
International Standard Book Number 9780812475494 (PFNL)
020 ## - INTERNATIONAL STANDARD BOOK NUMBER
International Standard Book Number 0812475496 (PFNL)
040 ## - CATALOGING SOURCE
Original cataloging agency TnLvILS
Transcribing agency TnLvILS
Modifying agency TnLvILS
050 #4 - LIBRARY OF CONGRESS CALL NUMBER
Classification number PZ7.C458
Item number Dl 1989
082 04 - DEWEY DECIMAL CLASSIFICATION NUMBER
Classification number [Fic]
Edition number 23
100 1# - MAIN ENTRY--PERSONAL NAME
Personal name Christopher, Matt,
Dates associated with a name 1917-1997.
9 (RLIN) 5785182
245 10 - TITLE STATEMENT
Title Dirt bike runaway /
Statement of responsibility, etc Matt Christopher.
260 ## - PUBLICATION, DISTRIBUTION, ETC. (IMPRINT)
Place of publication, distribution, etc New York :
Name of publisher, distributor, etc Little, Brown,
Date of publication, distribution, etc [1989], c1983.
300 ## - PHYSICAL DESCRIPTION
Extent 167 p. ;
Dimensions 20 cm.
521 1# - TARGET AUDIENCE NOTE
Target audience note 008-012.
520 ## - SUMMARY, ETC.
Summary, etc A shy, unhappy sixteen-year-old with a talent for working with motorcycles runs away from his foster home and gets involved with a variety of people, both bad and good.
650 #1 - SUBJECT ADDED ENTRY--TOPICAL TERM
Topical term or geographic name as entry element Runaway teenagers
Form subdivision Fiction.
9 (RLIN) 5687780
650 #1 - SUBJECT ADDED ENTRY--TOPICAL TERM
Topical term or geographic name as entry element Orphans
Form subdivision Fiction.
9 (RLIN) 5673861
650 #1 - SUBJECT ADDED ENTRY--TOPICAL TERM
Topical term or geographic name as entry element Motorcycles
Form subdivision Fiction.
9 (RLIN) 6370647
650 #0 - SUBJECT ADDED ENTRY--TOPICAL TERM
Topical term or geographic name as entry element Missing persons
Form subdivision Juvenile fiction.
9 (RLIN) 5674681
650 #0 - SUBJECT ADDED ENTRY--TOPICAL TERM
Topical term or geographic name as entry element Orphans
Form subdivision Juvenile fiction.
9 (RLIN) 5673937
Holdings
Withdrawn status Lost status Source of classification or shelving scheme Damaged status Not for loan Collection code Home library Current library Shelving location Date acquired Source of acquisition Total Checkouts Total Renewals Full call number Barcode Date last seen Date checked out Cost, replacement price Price effective from Koha item type
    Dewey Decimal Classification     Junior Fiction Wasatch County Library Wasatch County Library Main Floor Junior Area 06/12/2025   1 1 J Christopher 34301002157917 07/09/2025 06/17/2025 10.99 06/12/2025 BOOK
This project was made possible through a grant from the Institute of Museum and Library Service administered by the Utah State Library Division.

Wasatch County Library

  • 465 East 1200 South, Heber City, Utah 84032
  • Phone 435-654-1511 | Fax 435-654-6456

Hours

  • Monday - Friday 9:30 AM - 8:00 PM
  • Saturday 9:30 AM - 1:30 PM
  • Closed Sundays and Holidays